[Event "FRA-chT1 Regionale 0809"]
[Site "France"]
[Date "2008.11.16"]
[Round "2.2"]
[White "Renard, Stephane"]
[Black "Menneveux, Jerome"]
[Result "1-0"]
[WhiteElo "1934"]
[BlackElo "2049"]
[PlyCount "53"]
[EventDate "2008.11.16"]
[EventType "team-tourn"]
[EventRounds "7"]
[EventCountry "FRA"]
[SourceTitle "EXT 2019"]
[Source "ChessBase"]
[SourceDate "2018.10.10"]
[SourceVersion "1"]
[SourceVersionDate "2018.10.10"]
[SourceQuality "1"]

1. f4 e5 2. fxe5 d6 3. exd6 Bxd6 4. Nf3 g5 5. g3 g4 6. Nh4 Ne7 7. d4 Ng6 8. Nxg6 hxg6 9. Qd3 Nc6 10. c3 Bf5 11. e4 Qe7 12. Bg2 0-0-0 13. Be3 Rxh2 14. Rxh2 Bxg3+ 15. Ke2 Bxh2 16. exf5 Re8 17. Nd2 Qg5 18. Be4 Qh5 19. fxg6 Ne7 20. gxf7 Qxf7 21. Qc4 Qh5 22. Qc5 Qh3 23. Bxb7+ Kd8 24. Bg5 Bf4 25. Qd5+ Bd6 26. Qe6 Qh2+ 27. Kd1 1-0

[Event "FRA-ch op-A"]
[Site "Pau"]
[Date "2008.08.19"]
[Round "7"]
[White "Bourdeaud'Huy, Thomas"]
[Black "Menneveux, Jerome"]
[Result "1/2-1/2"]
[WhiteElo "2052"]
[BlackElo "2027"]
[PlyCount "48"]
[EventDate "2008.08.11"]
[EventType "swiss"]
[EventRounds "9"]
[EventCountry "FRA"]
[SourceTitle "CBM 126 Extra"]
[Source "ChessBase"]
[SourceDate "2008.11.05"]
[SourceVersion "1"]
[SourceVersionDate "2008.11.05"]
[SourceQuality "1"]

1. b3 d5 2. Bb2 c5 3. e3 Nc6 4. Bb5 e6 5. Nf3 Nf6 6. 0-0 Qc7 7. Ne5 Bd7 8. Bxc6 Bxc6 9. f4 0-0-0 10. d3 Bd6 11. Nd2 h5 12. h3 Ne8 13. Qf3 f6 14. Nxc6 Qxc6 15. f5 Nc7 16. Rae1 Rde8 17. c4 exf5 18. Qxf5+ Kb8 19. cxd5 Nxd5 20. Ne4 Nb4 21. Nxd6 Qxd6 22. d4 cxd4 23. Bxd4 Nc6 24. Bc3 Qe6 1/2-1/2

[Event "FRA-ch op-A"]
[Site "Pau"]
[Date "2008.08.12"]
[Round "1"]
[White "Menneveux, Jerome"]
[Black "Nguyen, Huu Hoang Anh"]
[Result "1/2-1/2"]
[WhiteElo "2027"]
[BlackElo "2129"]
[PlyCount "60"]
[EventDate "2008.08.11"]
[EventType "swiss"]
[EventRounds "9"]
[EventCountry "FRA"]
[SourceTitle "CBM 126 Extra"]
[Source "ChessBase"]
[SourceDate "2008.11.05"]
[SourceVersion "1"]
[SourceVersionDate "2008.11.05"]
[SourceQuality "1"]

1. e4 c6 2. d4 Qc7 3. Nc3 d6 4. f4 Nd7 5. Nf3 e5 6. Bc4 h6 7. Bb3 Ngf6 8. 0-0 Be7 9. Kh1 0-0 10. a4 b6 11. a5 bxa5 12. fxe5 dxe5 13. dxe5 Nxe5 14. Nxe5 Qxe5 15. Bf4 Qc5 16. e5 Nh7 17. Ne4 Qb6 18. Qh5 c5 19. Nd6 Bxd6 20. exd6 Ba6 21. Rf3 Be2 22. Bxh6 c4 23. Bxc4 Bxf3 24. Qg6 Qd4 25. gxf3 Qf6 26. Rg1 Qxf3+ 27. Rg2 Qd1+ 28. Rg1 Qf3+ 29. Rg2 Qd1+ 30. Rg1 Qf3+ 1/2-1/2

[Event "La Fere op 5th"]
[Site "La Fere"]
[Date "2006.07.12"]
[Round "7"]
[White "Menneveux, Jerome"]
[Black "Iglesias, Yosha"]
[Result "1-0"]
[WhiteElo "1918"]
[BlackElo "2127"]
[PlyCount "55"]
[EventDate "2006.07.08"]
[EventType "swiss"]
[EventRounds "9"]
[EventCountry "FRA"]
[SourceTitle "CBM 113 Extra"]
[Source "ChessBase"]
[SourceDate "2006.09.14"]
[SourceVersion "1"]
[SourceVersionDate "2006.09.14"]
[SourceQuality "1"]

1. e4 b6 2. d4 Bb7 3. Nc3 e6 4. Bd3 Bb4 5. f4 Nf6 6. Qf3 c5 7. Nge2 c4 8. Bxc4 Bxe4 9. Qg3 Bxc2 10. 0-0 0-0 11. a3 Bxc3 12. Nxc3 d5 13. Bd3 Bxd3 14. Qxd3 Qc8 15. f5 Qc4 16. Qd1 Nc6 17. Be3 Na5 18. Bg5 Ne4 19. Nxe4 dxe4 20. f6 Nb3 21. fxg7 Rfc8 22. Qh5 Qxd4+ 23. Rf2 Qxg7 24. Raf1 f5 25. g4 Qg6 26. Qh3 Qxg5 27. Qxb3 Kf7 28. Rxf5+ 1-0

[Event "La Fere op 5th"]
[Site "La Fere"]
[Date "2006.07.11"]
[Round "5"]
[White "Menneveux, Jerome"]
[Black "Grigorov, Grigor"]
[Result "0-1"]
[WhiteElo "1918"]
[BlackElo "2425"]
[PlyCount "80"]
[EventDate "2006.07.08"]
[EventType "swiss"]
[EventRounds "9"]
[EventCountry "FRA"]
[SourceTitle "CBM 113 Extra"]
[Source "ChessBase"]
[SourceDate "2006.09.14"]
[SourceVersion "1"]
[SourceVersionDate "2006.09.14"]
[SourceQuality "1"]

1. e4 c5 2. Nf3 d6 3. d4 Nf6 4. Nc3 cxd4 5. Nxd4 a6 6. Bc4 e6 7. Bb3 b5 8. 0-0 Be7 9. f4 b4 10. Na4 0-0 11. f5 e5 12. Nf3 Bb7 13. Re1 Nbd7 14. Qd3 Bc6 15. c3 a5 16. Bg5 Qb8 17. Rac1 Qa7+ 18. Be3 Qb7 19. Bg5 Rae8 20. Nd2 Bb5 21. c4 Bc6 22. Bc2 Bxa4 23. Bxa4 Nc5 24. Qc2 Ng4 25. Be3 Nxe3 26. Rxe3 Bg5 27. Re2 Bxd2 28. Rxd2 Nxa4 29. Qxa4 Qxe4 30. Qc2 Qc6 31. Rcd1 e4 32. Rxd6 Qc5+ 33. Kh1 Qxf5 34. Re1 Re5 35. Rd4 Rfe8 36. h3 h6 37. b3 Qe6 38. Qe2 e3 39. Rf4 Rd8 40. Qf3 e2 0-1

[Event "Bethune op-B 25th"]
[Site "Bethune"]
[Date "2004.12.29"]
[Round "6"]
[White "Menneveux, Jerome"]
[Black "Donnat, Jean"]
[Result "1/2-1/2"]
[WhiteElo "1500"]
[BlackElo "1370"]
[PlyCount "49"]
[EventDate "2004.12.26"]
[EventType "swiss"]
[EventRounds "7"]
[EventCountry "FRA"]
[SourceTitle "EXT 2006"]
[Source "ChessBase"]
[SourceDate "2005.11.24"]
[SourceVersion "1"]
[SourceVersionDate "2005.11.24"]
[SourceQuality "1"]

1. e4 c5 2. Nf3 d6 3. d4 cxd4 4. Nxd4 Nf6 5. Nc3 a6 6. Bc4 e6 7. Bb3 Nbd7 8. f4 b5 9. a3 Bb7 10. Qe2 Nc5 11. 0-0 Ncxe4 12. Nxe4 Bxe4 13. f5 e5 14. Bg5 d5 15. Nf3 Bc5+ 16. Kh1 Qd6 17. Nd2 0-0 18. Bxf6 Qxf6 19. Nxe4 dxe4 20. Qxe4 Rad8 21. Rad1 Rxd1 22. Rxd1 Rd8 23. Rxd8+ Qxd8 24. Qd5 Qxd5 25. Bxd5 1/2-1/2

[Event "Bethune op-B 25th"]
[Site "Bethune"]
[Date "2004.12.28"]
[Round "4"]
[White "Menneveux, Jerome"]
[Black "Bougel, Claude"]
[Result "1-0"]
[WhiteElo "1500"]
[BlackElo "1750"]
[PlyCount "65"]
[EventDate "2004.12.26"]
[EventType "swiss"]
[EventRounds "7"]
[EventCountry "FRA"]
[SourceTitle "EXT 2006"]
[Source "ChessBase"]
[SourceDate "2005.11.24"]
[SourceVersion "1"]
[SourceVersionDate "2005.11.24"]
[SourceQuality "1"]

1. e4 c5 2. Nf3 d6 3. d4 cxd4 4. Nxd4 Nf6 5. Nc3 a6 6. Bc4 e6 7. Bb3 Be7 8. 0-0 0-0 9. f4 Nbd7 10. Qf3 Nc5 11. Be3 Bd7 12. Rad1 Qc7 13. f5 b5 14. a3 Qb7 15. fxe6 fxe6 16. Qh3 Nxb3 17. cxb3 Nxe4 18. Qg4 Nxc3 19. Nxe6 Bxe6 20. Qxe6+ Kh8 21. bxc3 Bf6 22. Qxd6 Rad8 23. Qxd8 Rg8 24. Qd7 Qe4 25. Bd4 Bxd4+ 26. Qxd4 Qc2 27. Rde1 Qxb3 28. Re7 Qxa3 29. Rd7 h6 30. Rd8 Qe7 31. Rxg8+ Kxg8 32. Qd5+ Kh7 33. Qf5+ 1-0